| 000 | 00752nam a2200217 i 4500 | ||
|---|---|---|---|
| 001 | 38668 | ||
| 003 | ES-MaACL | ||
| 005 | 20251002203645.0 | ||
| 007 | t| | ||
| 008 | 030226s1953 fr |||| | fre d | ||
| 100 | 1 |
_aCalímaco. _933673 |
|
| 245 | 1 | 4 |
_aLes origines _b: reponse aux telchines-Elégies-Epigrammes-Jamles et pieces lyriques-Hécalé-Hymne / _ctexte établi et traduit par Emile Cahen. |
| 250 | _a4e éd. rev. y corr. | ||
| 260 |
_aParis : _bLes Tables Lettres, _c1953 ( _fDorel) |
||
| 300 |
_a330 p. ; _c20 cm. |
||
| 490 | 1 | _aCollection des universités de France | |
| 700 | 1 |
_aCahen, Émile, _d1879-1941 _933435 |
|
| 830 | 0 |
_aCollection des universités de France _9180876 |
|
| 852 |
_aES-MaACL _jC-15440 |
||
| 999 |
_c38668 _d38668 |
||